| 000 | 01936nam a2200325 4500 | ||
|---|---|---|---|
| 001 | 163 | ||
| 003 | OSt | ||
| 005 | 20250528074013.0 | ||
| 008 | 250129b |||||||g |||| 00| 1 eng d | ||
| 020 | _a9788599296516 | ||
| 040 | _bpor | ||
| 041 |
_heng _apor |
||
| 082 |
_a813 _bC655n |
||
| 100 | 1 |
_aCoben, Harlan, _d1962- _9309 |
|
| 240 | _aTell no one | ||
| 245 |
_aNão conte a ninguém / _cCoben, Harlan ; Tradução de Ivo Korytowski |
||
| 260 |
_aRio de Janeiro _bSextante _c2009 |
||
| 300 | _a251 p. | ||
| 520 | _aHá oito anos, enquanto comemoravam o aniversário de seu primeiro beijo, o Dr. David Beck e sua esposa, Elizabeth, sofreram um terrível ataque. Ele foi golpeado e caiu no lago, inconsciente. Ela foi raptada e brutalmente assassinada por um serial killer. O caso volta à tona quando a polícia encontra dois corpos enterrados perto do local do crime, junto com o taco de beisebol usado para nocautear David. Ao mesmo tempo, o médico recebe um misterioso e-mail, que, aparentemente, só pode ter sido enviado por sua esposa. Esses novos fatos fazem ressurgir inúmeras perguntas sem respostas: Como David conseguiu sair do lago? Elizabeth está viva? E, se estiver, de quem era o corpo enterrado oito anos antes? Por que ela demorou tanto para entrar em contato com o marido? Na mira do FBI como principal suspeito da morte da esposa e caçado por um perigosíssimo assassino de aluguel, David Beck contará apenas com o apoio de sua melhor amiga, a modelo Shauna, da célebre advogada Hester Crimstein e de um traficante de drogas para descobrir toda a verdade e provar sua inocência. | ||
| 650 | 0 |
_aLiteratura Americana _984 |
|
| 650 | 0 |
_aSerial Killer _9157 |
|
| 650 | 0 |
_aCrime e Investigação _913 |
|
| 650 | 0 |
_aMistério _942 |
|
| 650 | 0 |
_aSuspense _910 |
|
| 650 | 0 |
_aFilme _926 |
|
| 655 | 0 |
_aRomance _923 |
|
| 655 | 0 |
_aFicção _922 |
|
| 700 |
_aIvo Korytowski _eTradutor _9310 |
||
| 942 |
_2ddc _n0 _cBK |
||
| 999 |
_c163 _d163 |
||